LEADER 01145cam2-2200385---450- 001 990003684790203316 005 20160127083846.0 010 $a978-84-670-0758-9 035 $a000368479 035 $aUSA01000368479 035 $a(ALEPH)000368479USA01 035 $a000368479 100 $a20120906d2012----km-y0itay50------ba 101 0 $aspa 102 $aES 105 $ay|||z|||001yy 200 1 $aAmo, luego existo$elos filósofos y el amor$fManuel Cruz 210 $aBarcelona$cAustral$d2012 215 $a250 p.$d19 cm 225 2 $aContemporánea$iHumanidades 300 $aSul frontespizio: Espasa 300 $aSul dorso: 765 410 0$1001000292675$12001$aContemporánea. Humanidades 606 0 $aAmore$xFilosofia$2BNCF 676 $a128.46 700 1$aCRUZ RODRÍGUEZ,$bManuel$0476361 801 0$aIT$bsalbc$gISBD 912 $a990003684790203316 951 $aII.1. Coll. 118/ 64$b7641 L.G.$cII.1. Coll.$d00291540 959 $aBK 969 $aUMA 979 $aANNAMARIA$b90$c20120906$lUSA01$h1323 979 $aANNAMARIA$b90$c20160127$lUSA01$h0838 996 $aAmo, luego existo$91140194 997 $aUNISA LEADER 00764cam0-2200277 --450 001 9910556195603321 005 20220419095146.0 010 $a978-88-575-8196-5 100 $a20220419d2021----km y0itay50 ba 101 0 $aita 102 $aIT 105 $ay 001yy 200 1 $aAmore e bellezza$eda Platone a Freud$fFloriana Ferro 210 $aMilano ; Udine$cMimesis$d2021 215 $a269 p.$d21 cm 225 1 $aMimesis. Filosofie$v754 610 0 $aAmore$aFilosofia 676 $a128.46$v23$zita 700 1$aFerro,$bFloriana$01220255 801 0$aIT$bUNINA$gREICAT$2UNIMARC 901 $aBK 912 $a9910556195603321 952 $aCOLLEZ. 2351 (754)$b95/2022$fFSPBC 959 $aFSPBC 996 $aAmore e bellezza$92822744 997 $aUNINA